| 000 | 00457nam a2200157Ia 4500 | ||
|---|---|---|---|
| 008 | 160316s1993 xxu||||| |||| 00| 0 eng d | ||
| 082 |
_a346.066420 _bCHA |
||
| 100 | _aChandratre K R | ||
| 245 | _aA guide to appointment and remuneration of managerial personnel | ||
| 250 | _a | ||
| 260 |
_aNew Delhi _bBharat Law House _c1993 |
||
| 300 |
_a196p. _b _c |
||
| 365 | _bRs.125/- | ||
| 650 | _a1.Corporate Law - Appointment - Managerial Personnel | ||
| 700 |
_a _a |
||
| 999 |
_c7230 _d7230 |
||